[Event "Wch U18"]
[Site "Menorca"]
[Date "1996.??.??"]
[Round "10"]
[White "Kobalija, Mihail"]
[Black "Vescovi, Giovanni"]
[Result "1/2-1/2"]
[WhiteElo "2495"]
[BlackElo "2490"]

1.d4 Nf6 2.Bg5 d5 3.Bxf6 exf6 4.e3 Be6 5.Bd3 Bd6 6.Nd2 O-O 7.Qf3 Qd7 8.h3 Nc6
9.c3 Ne7 10.Ne2 c6 11.a3 Bc7 12.Qh5 Bf5 13.Bxf5 Nxf5 14.Qg4 Qe6 15.Nf4 Bxf4
16.Qxf4 Nd6 17.O-O f5 18.Rfe1 Rae8 19.Rac1 h6 20.Nf3 g5 21.Qh2 Re7 22.Red1 Nc4
23.Rb1 Rfe8 24.Qg3 Kh7 25.Ne1 b6 26.Nd3 Nd6 27.Qf3 Ne4 28.Rbc1 a5 29.a4 Ra7
30.b3 c5 31.c4 Rd8 32.cxd5 Rxd5 33.Ne5 f6 34.Nc4 Rad7  1/2-1/2

[Event "Moravia-ch op"]
[Site "Moravia"]
[Date "1996.??.??"]
[Round "?"]
[White "Korneevets, Alexander"]
[Black "Michalczyk, Stanislaw"]
[Result "1-0"]
[WhiteElo "2325"]
[BlackElo "2175"]

1.d4 Nf6 2.Bg5 c5 3.Bxf6 gxf6 4.d5 Qb6 5.Qc1 Bh6 6.e3 d6 7.Nd2 Bf5 8.Ne2 Na6
9.Ng3 Bd7 10.c4 f5 11.Nh5 Rg8 12.f4 O-O-O 13.Be2 e6 14.O-O Rg6 15.Rf2 exd5
16.cxd5 Nb4 17.Bc4 Re8 18.a3 Na6 19.Nf1 Nc7 20.Rb1 Bb5 21.b4 Bxc4 22.Qxc4 Re4
23.Qd3 c4 24.Qd1 Nb5 25.Qc1 Bg7 26.Rc2 Kb8 27.a4 Nc7 28.Rxc4 Rxc4 29.Qxc4 Bh8
30.Nhg3 a5 31.Nxf5 axb4 32.Rxb4 Qc5 33.Ne7 Qxc4 34.Rxc4 Rh6 35.g4 Rh4 36.g5 f6
37.Nf5 Rg4+ 38.Kf2 Nxd5 39.h3  1-0

[Event "Moscow-D"]
[Site "Moscow"]
[Date "1996.??.??"]
[Round "?"]
[White "Guliev, Sarhan"]
[Black "Iskusnyh, Sergei"]
[Result "1-0"]
[WhiteElo "2505"]
[BlackElo "2460"]

1.d4 Nf6 2.Bg5 c5 3.e3 Ne4 4.Bf4 d5 5.c3 Nc6 6.Nd2 Nxd2 7.Qxd2 cxd4 8.exd4 Bf5
9.Nf3 e6 10.Ne5 Bd6 11.Bb5 Bxe5 12.Bxe5 O-O 13.O-O Rc8 14.Bf4 Qb6 15.Be2 Na5
16.b3 Rfd8 17.Rac1 Nc6 18.Rfe1 a6 19.Bf1 Na7 20.f3 Bg6 21.g4 f6 22.Kh1 Re8
23.h4 Nc6 24.Be3 Qc7 25.c4 Rcd8 26.cxd5 exd5 27.h5 Bf7 28.Kg2 Rd7 29.Bf4 Qb6
30.Rxe8+ Bxe8 31.Rc5 Bf7 32.Qc3 Re7 33.a3 Re8 34.b4 Nd8 35.Bc7 Qe6 36.Bxd8 Rxd8
37.Bd3 g6 38.h6 f5 39.gxf5 gxf5 40.Qc1 Qd6 41.Bxf5 Kh8 42.Qg5 Bg6 43.Rxd5  1-0

[Event "Moscow-ch"]
[Site "Moscow"]
[Date "1996.??.??"]
[Round "1"]
[White "Zamanov, Ansar M"]
[Black "Enderjukova, Aelita"]
[Result "1/2-1/2"]
[WhiteElo "2390"]
[BlackElo "2145"]

1.d4 Nf6 2.Bg5 g6 3.Bxf6 exf6 4.g3 d5 5.Bg2 Bf5 6.c4 Be4 7.Nf3 Bb4+ 8.Nc3 c6
9.Qb3 Qe7 10.O-O Bxc3 11.Qxc3 O-O 12.c5 Na6 13.a4 Nc7 14.Rfe1 f5 15.Bf1 f4
16.b4 a6 17.Ne5 fxg3 18.hxg3 Bf5 19.Bg2 Rae8 20.g4 Be6 21.Qg3 f6 22.Nd3 f5
23.g5 f4 24.Nxf4 Rf5 25.Ra3 Rxg5 26.Qh4 Rg4 27.Qxe7 Rxe7 28.e3 Bf5 29.Kf1 Rh4
30.Ne2 Bh3 31.Bxh3 Rxh3 32.Ng1 Rh2 33.Nf3 Rh1+ 34.Kg2 Rxe1 35.Nxe1 g5 36.Rb3 h5
37.Nd3 Kf7 38.Rb1 Kf6 39.Ne5 Kf5 40.Rh1 Rh7 41.f3 Ne8 42.Rb1 Nf6 43.b5 axb5
44.axb5 cxb5 45.Rxb5 g4 46.Rb6 gxf3+ 47.Nxf3 Ng4 48.Nh4+ Ke4 49.Re6+ Kd3
50.Nf5 Rf7 51.Nd6 Nxe3+ 52.Rxe3+ Kxe3 53.Nxf7 Kxd4 54.Nd8 Kxc5 55.Nxb7+  1/2-1/2

[Event "Moscow-ch"]
[Site "Moscow"]
[Date "1996.??.??"]
[Round "2"]
[White "Tchernyi, Viktor"]
[Black "Tunik, Gennady"]
[Result "0-1"]
[WhiteElo "2355"]
[BlackElo "2440"]

1.d4 Nf6 2.Bg5 d5 3.Bxf6 gxf6 4.e3 c5 5.c3 Qb6 6.Qb3 Nc6 7.Nf3 cxd4 8.Qxb6 axb6
9.cxd4 Nb4 10.Na3 Bd7 11.Kd2 e6 12.Be2 Ra5 13.Rhc1 Bc6 14.Ne1 Rg8 15.g3 Kd7
16.Bh5 Rg7 17.Bd1 Bd6 18.Bb3 Ba4 19.Bxa4+ Rxa4 20.Nb5 Bb8 21.a3 Nc6 22.b4 Ra8
23.Nd3 Rg8 24.Kc3 e5 25.Kb3 h5 26.Nb2 Ke6 27.Na4 Ra6 28.Ra2 exd4 29.exd4 Rg4
30.Re2+ Kd7 31.Rd1 Re4 32.Red2 Ne7 33.Nbc3 Re6 34.Rd3 Bc7 35.Rf3 Ra8 36.h4 Rg8
37.Nb5 Bd8 38.Nb2 Rg6 39.Nd3 Rh6 40.Nf4 Rc6 41.Na7 Rc7 42.Re3 Rh8 43.Rde1 Nf5
44.Rd3 Ne7 45.Rdd1 Rh6 46.a4 Rh8 47.Re2 Rh6 48.Rde1 Rh8 49.Rxe7+ Bxe7 50.Nxd5 Bd6
51.Nxb6+ Kd8 52.Nb5 Rc6 53.a5 Bc7 54.d5 Rxb6 55.axb6 Bxb6 56.Nd6 Kd7 57.Nxb7 Rb8
58.d6 Rxb7 59.Re7+ Kc8 60.Re8+ Bd8 61.Kc4 Ra7 62.b5 Ra2 63.b6 Rb2 64.Rf8 Rxb6
65.Kc5 Rb2 66.Kc6 Rc2+ 67.Kd5 Rxf2 68.Rxf7 Rf3 69.Rg7 Ba5 70.Rg8+ Kd7 71.Rg7+ Ke8
72.Ra7 Bd8 73.Rh7 Rf5+ 74.Kc6 Ba5 75.Ra7 Re5 76.Ra8+ Bd8 77.Ra7 Re3 78.Rh7 Rc3+
79.Kd5 Rxg3 80.d7+ Kf8 81.Kd6 Rd3+ 82.Ke6 Re3+ 83.Kd6 Kg8 84.Rxh5 Be7+ 85.Kd5 Kg7
86.Rf5 Kf7 87.h5 Rd3+ 88.Kc6 Ke6 89.Rf1 Rd6+  0-1

[Event "Moscow-ch"]
[Site "Moscow"]
[Date "1996.??.??"]
[Round "4"]
[White "Kobalija, Mihail"]
[Black "Kunin, Yt"]
[Result "1-0"]
[WhiteElo "2495"]
[BlackElo "2320"]

1.d4 Nf6 2.Bg5 c5 3.Bxf6 exf6 4.c3 d5 5.e3 Nc6 6.Ne2 Be6 7.g3 Qb6 8.Qd2 Be7
9.Bg2 O-O 10.Nf4 Rfd8 11.O-O c4 12.Qc2 f5 13.Nd2 Bg5 14.Ne2 Rac8 15.Nf3 Bf6
16.Nf4 Qc7 17.Nd2 Bg5 18.Kh1 Bxf4 19.exf4 Qd7 20.Rfe1 h6 21.Nf1 g6 22.Ne3 Kg7
23.Qd2 Ne7 24.b3 a6 25.Reb1 Rc7 26.Kg1 h5 27.a4 Kh7 28.a5 Kg7 29.Qe2 Qc8
30.Ra2 cxb3 31.Rxb3 Kh7 32.Nd1 Re8 33.Qd2 Bd7 34.Ne3 Be6 35.Ra1 Rd8 36.Bf1 Bd7
37.Nd1 Bc6 38.Nb2 Ng8 39.f3 Nf6 40.Rb1 Ne8 41.Nd3 Nd6 42.Nb4 Nc4 43.Qa2 Bb5
44.Re1 Rcd7 45.Rbb1 Qc7 46.Ra1 Kg7 47.h4 Kh7 48.Kf2 Kg7 49.Bd3 Kh7 50.Bxc4 Qxc4
51.Qxc4 Bxc4 52.Ke3 Kg7 53.Kd2 Kf8 54.Re5 Rd6 55.Rae1 R6d7 56.Rb1 Rc7 57.Nc2 Bb5
58.Na3 Bc6 59.Rb6 Re8 60.Nc2 Rxe5 61.fxe5 Bb5 62.Rd6 Rd7 63.Rxd7 Bxd7 64.Ne3 Be6
65.c4 Bd7 66.cxd5 Bb5 67.f4 Ke8 68.Kc3 Kd7 69.Kb4 Kc7 70.Kc5 Bd7 71.Nc4 Ba4
72.Nd6 f6 73.exf6 Kd7 74.Nxb7 Bc2 75.Kb6  1-0

[Event "RUS-Cup2"]
[Site "Moscow"]
[Date "1996.??.??"]
[Round "5"]
[White "Yegiazarian, Arsen"]
[Black "Riazantsev, Alexander"]
[Result "1-0"]
[WhiteElo "2455"]
[BlackElo "2350"]

1.d4 Nf6 2.Bg5 c5 3.Bxf6 gxf6 4.d5 Qb6 5.Qc1 f5 6.c4 Bg7 7.Nc3 O-O 8.e3 d6
9.Bd3 e6 10.Nge2 Nd7 11.O-O Ne5 12.Nf4 Nxd3 13.Nxd3 e5 14.Rb1 Qc7 15.b4 cxb4
16.Nb5 Qe7 17.c5 e4 18.Nf4 Be5 19.cxd6 Bxd6 20.Nxd6 Qxd6 21.f3 exf3 22.Rxf3 f6
23.Qe1 Rf7 24.Rxb4 b6 25.Qh4 Bd7 26.Rg3+ Kf8 27.Rb3 Rc8 28.h3 Qe5 29.d6 Qxd6
30.Rd3 Qe5 31.Kh2 Be6 32.Rd2 Ke7 33.Qh5 Rc1 34.Rg8 Qa1 35.Qf3 Rh1+ 36.Kg3 Qe1+
37.Rf2 Rf1 38.Nd3 f4+ 39.Qxf4  1-0

[Event "RUS-Cup2"]
[Site "Moscow"]
[Date "1996.??.??"]
[Round "7"]
[White "Gorbatow, Alexej"]
[Black "Mozaliov, SV."]
[Result "1-0"]
[WhiteElo "2415"]
[BlackElo "2300"]

1.d4 Nf6 2.Bg5 d5 3.e3 c6 4.Bd3 Nbd7 5.Nf3 g6 6.O-O Bg7 7.c4 O-O 8.Nc3 Re8
9.cxd5 cxd5 10.Qb3 e5 11.Bb5 exd4 12.Nxd4 a6 13.Bxd7 Qxd7 14.Bxf6 Bxf6 15.Nxd5 Bxd4
16.exd4 Qd6 17.Rfe1 Rxe1+ 18.Rxe1 b5 19.Qf3 Rb8  1-0

[Event "Moscow-ch"]
[Site "Moscow"]
[Date "1996.??.??"]
[Round "8"]
[White "Lopatskaya, Elena P"]
[Black "Riazantsev, Alexander"]
[Result "1-0"]
[WhiteElo "2210"]
[BlackElo "2350"]

1.d4 Nf6 2.Bg5 g6 3.Bxf6 exf6 4.g3 Bg7 5.Bg2 O-O 6.e3 d6 7.Ne2 f5 8.O-O Nd7
9.c4 Rb8 10.Nbc3 b6 11.Qa4 a5 12.Nf4 Bb7 13.Bxb7 Rxb7 14.Qc6 Rb8 15.Nfd5 Rc8
16.Nb5 Nf6 17.Rac1 h5 18.Rfd1 Ne4 19.Ndxc7 h4 20.c5 Qg5 21.cxb6 Qg4 22.Nxd6 Ng5
23.Nxc8 Qe2 24.Ne7+ Kh7 25.Qg2 h3 26.Qf1 Qf3 27.Ned5 Qe4 28.f4 Nf3+ 29.Kf2 Bxd4
30.exd4  1-0

[Event "Neuchatel op"]
[Site "Neuchatel"]
[Date "1996.??.??"]
[Round "4"]
[White "Yedidia, Jonathan"]
[Black "Ftacnik, Lubomir"]
[Result "0-1"]
[WhiteElo "2425"]
[BlackElo "2585"]

1.d4 Nf6 2.Bg5 c5 3.Bxf6 gxf6 4.d5 Qb6 5.Qc1 f5 6.c4 Bg7 7.Nc3 d6 8.e3 Nd7
9.Nge2 Nf6 10.Ng3 Bd7 11.Bd3 e6 12.Qc2 a6 13.O-O h5 14.h3 Ke7 15.a3 a5 16.Rab1 Rhg8
17.b3 Bh6 18.Nge2 Rg7 19.f4 Re8 20.Qd2 Kf8 21.Rf3 Bc8 22.Qe1 Qd8 23.Rb2 b6
24.Qb1 Bb7 25.Bxf5 exf5 26.Qxf5 Qe7 27.Qd3 Bc8 28.Ng3 Rg6 29.Re2 Bxh3 30.gxh3 h4
31.Rg2 Rxg3 32.Rgxg3 hxg3 33.Rxg3 Qd7 34.Rf3 Bg7 35.Rg3 Nh5 36.Rf3 Bxc3 37.Qxc3 Qf5
38.b4 Qg6+ 39.Kf2 Nf6 40.Qb2 Ne4+ 41.Kf1 cxb4 42.axb4 a4 43.f5 Qh5 44.Kg2 a3
45.Qc2 Ng5 46.Rg3 Ra8 47.Qa2 Ne4 48.Rf3  0-1

[Event "JUG-chT"]
[Site "Niksic"]
[Date "1996.??.??"]
[Round "?"]
[White "Kosic, Dragan"]
[Black "Sibarevic, Milenko"]
[Result "1-0"]
[WhiteElo "2530"]
[BlackElo "2350"]

1.d4 Nf6 2.Bg5 g6 3.Bxf6 exf6 4.e3 f5 5.c4 Bg7 6.Nc3 d6 7.Nge2 Nd7 8.g3 Nf6
9.Bg2 O-O 10.b4 Re8 11.Qd3 c6 12.b5 Bd7 13.O-O Qa5 14.Rfb1 Ne4 15.bxc6 Bxc6
16.Rb3 Rac8 17.Rc1 a6 18.Nxe4 fxe4 19.Qb1 b5 20.cxb5 Bxb5 21.Nc3 Bc4 22.Rb4 Bd3
23.Qb2 d5 24.Bf1 Bf8 25.Ra4 Qc7 26.Bxd3 exd3 27.Rxa6 d2 28.Qxd2 Bb4 29.Qd3 Ra8
30.Ne2 Qb7 31.Rxa8 Rxa8 32.Qb3 Ra3 33.Qb2 Qe7 34.Nf4 Ra5 35.Qb3 Qd6 36.a4 h5
37.Nd3  1-0

[Event "JUG-ch op"]
[Site "Nis"]
[Date "1996.??.??"]
[Round "6"]
[White "Ivanisevic, Ivan"]
[Black "Dutreeuw, Marc"]
[Result "1/2-1/2"]
[WhiteElo "2295"]
[BlackElo "2385"]

1.d4 d5 2.Bg5 Nf6 3.c4 e6 4.Nc3 Be7 5.e3 O-O 6.Nf3 b6 7.Bd3 Bb7 8.O-O Nbd7
9.Qe2 c5 10.Rfd1 cxd4 11.exd4 Rc8 12.Ne5 dxc4 13.Bxc4 Nxe5 14.dxe5 Nd7 15.Bb5 Rc7
16.Bf4 Qc8  1/2-1/2

[Event "Oberwart op"]
[Site "Oberwart"]
[Date "1996.??.??"]
[Round "1"]
[White "Buchegger, Klaus"]
[Black "Cvitan, Ognjen"]
[Result "0-1"]
[WhiteElo "2025"]
[BlackElo "2535"]

1.d4 Nf6 2.Bg5 c5 3.Bxf6 gxf6 4.dxc5 Na6 5.Qd4 e6 6.Nc3 Bxc5 7.Qh4 f5 8.Qxd8+ Kxd8
9.e3 Ke7 10.g3 d5 11.Nge2 Bd7 12.O-O-O Nc7 13.Nd4 a6 14.Bg2 Rac8 15.Kb1 b5
16.Rhe1 Bb4 17.Nde2 Ba5 18.a3 b4 19.axb4 Bxb4 20.Rd4 Rb8 21.Red1 a5 22.Ka2 Rhc8
23.Rh4 Nb5 24.Nxb5 Bxb5 25.Nd4 Ba4 26.b3 Bd7 27.c4 dxc4 28.bxc4 e5 29.Ne2 e4
30.Rc1 Bd2  0-1

[Event "Oberwart op"]
[Site "Oberwart"]
[Date "1996.??.??"]
[Round "2"]
[White "Peisser, Manfred"]
[Black "Dvoirys, Semen I"]
[Result "0-1"]
[WhiteElo "2190"]
[BlackElo "2570"]

1.d4 Nf6 2.Bg5 d5 3.Nf3 Nbd7 4.e3 c5 5.c3 e6 6.Nbd2 Be7 7.Bd3 b6 8.O-O Bb7
9.Ne5 Nxe5 10.dxe5 Nd7 11.Bxe7 Qxe7 12.f4 f6 13.exf6 gxf6 14.e4 O-O-O 15.c4 d4
16.e5 fxe5 17.Be4 Bxe4 18.Nxe4 exf4 19.Qa4 Kb7 20.Rf3 Ne5 21.Ra3 Nc6 22.Rb1 d3
23.Rd1 Qd7 24.Nxc5+ bxc5 25.Qb5+ Kc7 26.Ra6 Qd4+ 27.Kh1 Rd6 28.b4 Rb8 29.bxc5 Rxb5
30.cxd6+ Kb7 31.cxb5 Nb4 32.Ra3 Qxd6 33.Rb3 Qc5 34.Rbb1 Qc2 35.Rdc1 Nxa2  0-1

[Event "ESP-chT"]
[Site "Oropesa del Mar"]
[Date "1996.??.??"]
[Round "1"]
[White "Romero Holmes, Alfonso"]
[Black "Gil Capape, Javier"]
[Result "0-1"]
[WhiteElo "2430"]
[BlackElo "2435"]

1.d4 Nf6 2.Bg5 d5 3.e3 c6 4.c4 Ne4 5.Bh4 Qa5+ 6.Nd2 g5 7.Bg3 e5 8.a3 Nxg3
9.hxg3 exd4 10.exd4 Bg7 11.Qc2 dxc4 12.Rxh7 O-O 13.Rh1 Bf5 14.Qxc4 Re8+ 15.Be2 Nd7
16.O-O-O Nb6 17.Qb4 Qd5 18.Qb3 Qxd4 19.Nc4 Qc5 20.Qb4 Qxb4 21.axb4 Rxe2 22.Nxe2 Nxc4
23.Nd4 Bg6 24.b3 Na3 25.Rd2 a5 26.bxa5 Rxa5 27.Rhd1 Rc5+ 28.Kb2 Nb5  0-1

[Event "Komercni Banka op"]
[Site "Pardubice"]
[Date "1996.??.??"]
[Round "1"]
[White "Meduna, Eduard"]
[Black "Kohtz, Andreas"]
[Result "0-1"]
[WhiteElo "2450"]
[BlackElo "2240"]

1.d4 Nf6 2.Bg5 g6 3.Nf3 Bg7 4.Nbd2 O-O 5.e4 d6 6.Bc4 c5 7.dxc5 dxc5 8.O-O Nc6
9.c3 Qc7 10.Re1 Ng4 11.h3 Nge5 12.Bf1 Be6 13.Qc2 Rad8 14.Be3 Nxf3+ 15.Nxf3 Ne5
16.Nd2 c4 17.Bd4 b5 18.Rad1 Bh6 19.a4 a6 20.b4 Rd7 21.Bxe5 Qxe5 22.Nf3 Qc7
23.Nd4 Qb7 24.Be2 Rfd8 25.Bf3 Qb6 26.a5 Qc7 27.e5 Bd5 28.Bxd5 Rxd5 29.Qe4 Bg7
30.f4 Qb7 31.Kh2 R5d7 32.Qe3 Rd5 33.Rd2 e6 34.Red1 Qd7 35.Qe4 Bf8 36.h4 h5
37.g3 Be7 38.Kg2 Kg7 39.f5 exf5 40.Qxd5 Qxd5+  0-1

[Event "Komercni Banka op"]
[Site "Pardubice"]
[Date "1996.??.??"]
[Round "5"]
[White "Sakovich, Igor"]
[Black "Mrva, Martin"]
[Result "1-0"]
[WhiteElo "2265"]
[BlackElo "2410"]

1.d4 Nf6 2.Bg5 c5 3.Bxf6 gxf6 4.d5 Qb6 5.Qc1 f5 6.e3 Bg7 7.c3 Qd6 8.Qd2 Qc7
9.c4 d6 10.Nc3 Nd7 11.Nge2 Ne5 12.Nf4 a6 13.Nh5 Rg8 14.Be2 Bh8 15.O-O Qa5
16.Qc2 Bd7 17.Ng3 b5 18.cxb5 axb5 19.a3 b4 20.axb4 Qxa1 21.Rxa1 Rxa1+ 22.Nd1 c4
23.h3 e6 24.Kh2 Ke7 25.Nc3 Rb8 26.f4 Nd3 27.Bxd3 cxd3 28.Qxd3 Rxb4 29.dxe6 fxe6
30.Nxf5+ Kd8 31.Nxd6 Bxc3 32.Qxc3 Rb8 33.Nf7+ Ke7 34.Ne5 Rc8 35.Qb4+ Ke8
36.Qb7 Rd8 37.Qe4 Ke7 38.Qxh7+ Kd6 39.Nf7+ Kc7 40.Qc2+  1-0

[Event "Komercni Banka op"]
[Site "Pardubice"]
[Date "1996.??.??"]
[Round "7"]
[White "Meduna, Eduard"]
[Black "Heinzel, Olaf"]
[Result "1/2-1/2"]
[WhiteElo "2450"]
[BlackElo "2310"]

1.d4 Nf6 2.Bg5 c5 3.Bxf6 gxf6 4.c3 Qb6 5.Qc2 Nc6 6.d5 Ne5 7.Nd2 d6 8.g3 h5
9.h3 Bd7 10.f4 Ng6 11.e3 Rc8 12.c4 f5 13.Bd3 e6 14.Ne2 Ne7 15.dxe6 fxe6 16.e4 Bg7
17.O-O-O Qa5 18.Kb1 Ba4 19.Nb3 Bxb3 20.axb3 Nc6 21.Qd2 Qxd2 22.Rxd2 fxe4
23.Bxe4 Nd4 24.Nxd4 Bxd4 25.Bxb7 Rb8 26.Bc6+ Ke7 27.Rd3 Rhg8 28.Rh2 Rg7 29.b4 h4
30.g4 Rf8 31.bxc5 Bxc5 32.Rf3 Rgf7 33.Rh1 Rxf4 34.Rhf1 Rxf3 35.Rxf3 Rxf3
36.Bxf3 Kf6 37.Kc2 Kg5 38.Kd3 Kf4 39.Bc6 a5 40.b3 Ba3 41.Bd7 e5 42.Bf5 Bc1
43.Kc2 Be3 44.Kd3 Bb6 45.Be6 e4+ 46.Ke2 Bd8 47.g5 Bxg5 48.Bf7 Ke5 49.Kd1 Kd4
50.Kc2 Bd8 51.Be6 Bb6 52.Bf7 Bc5 53.Be6 Bb4 54.Bf7 e3 55.Bh5 a4 56.bxa4 Kxc4
57.Kd1 Kd4 58.Ke2 Ke4 59.Bf3+ Kf4 60.Bd5 Bc5 61.a5 Kg3 62.Be6 Ba7 63.a6 Bb6
64.Bf5 d5 65.Be6 d4 66.Bd7 Ba7 67.Be6 Bb6 68.Bd7 Ba7 69.Be6 Bb6 70.Bd7 Ba7  1/2-1/2

[Event "Komercni Banka op"]
[Site "Pardubice"]
[Date "1996.??.??"]
[Round "7"]
[White "Bystrov, Sergej"]
[Black "Taus, Martin"]
[Result "1-0"]
[WhiteElo "2290"]
[BlackElo "2160"]

1.d4 d5 2.Bg5 Nf6 3.Bxf6 exf6 4.e3 Bd6 5.c4 dxc4 6.Bxc4 O-O 7.Nc3 b6 8.Nf3 Bb7
9.O-O f5 10.Rc1 a6 11.a3 Nd7 12.Bd5 c6 13.Ba2 Qf6 14.Qc2 Rfe8 15.Rfe1 c5
16.Bd5 Ra7 17.Bxb7 Rxb7 18.g3 g6 19.Qa4 a5 20.Nd5 Qe6 21.Qc6 Ra7 22.Ng5 Nb8
23.Qxb6 Qxd5 24.Qxa7 h6 25.Nh3 Nc6 26.Qa6 Rb8 27.Qc4 Qe4 28.dxc5 Qxc4 29.Rxc4 Ne5
30.Rc3 Nf3+ 31.Kf1 Be5 32.Rec1 Bxc3 33.Rxc3 Rxb2 34.c6 Rb8 35.c7 Rc8 36.Ke2 Ne5
37.Nf4 Kf8 38.Nd5 Nd7 39.Kd3 Ke8 40.Kc4 Ne5+ 41.Kb5  1-0

[Event "Komercni Banka op"]
[Site "Pardubice"]
[Date "1996.??.??"]
[Round "9"]
[White "Sakovich, Igor"]
[Black "Nun, Jiri"]
[Result "1/2-1/2"]
[WhiteElo "2265"]
[BlackElo "2390"]

1.d4 Nf6 2.Bg5 c5 3.Bxf6 gxf6 4.d5 f5 5.e3 Qb6 6.Qc1 Bg7 7.c3 O-O 8.Na3 e5
9.Nc4 Qf6 10.a4 b6 11.Ne2 d6 12.Ng3 Bh6 13.Qc2 Na6 14.Rd1 Kh8 15.Bd3 e4 16.Be2 Nc7
17.Na3 Rg8 18.O-O Bb7 19.c4 Rae8 20.Nh5 Qg5 21.g3 Bg7 22.Qd2 Be5 23.Nf4 a5
24.b3 Re7 25.Nc2 Ne8 26.Ne1 Nf6 27.Neg2 Bc8 28.Rb1 Nd7 29.Rfc1 Qh6 30.Re1 Ree8
31.Rbc1 Bf6 32.Qd1 Ne5 33.h3 Ng6 34.Kh2 Be5 35.Rg1 Nf8 36.Rh1 Nd7 37.Kg1 Nf6
38.Rh2 Rg5 39.Rh1 Reg8 40.Kf1 Qf8 41.Qd2 Qe7 42.Rc2 Re8 43.Rc1 Nd7 44.Re1 Rgg8
45.Rh2 Nb8 46.Qc2 Na6 47.Qb1 Nb4 48.Rh1 Kg7 49.Rd1 Kf8 50.Rh2 Bh8 51.Rh1 Qe5
52.Kg1 Ke7 53.Rh2 Kd8 54.Rh1  1/2-1/2

[Event "Parnu-B"]
[Site "Parnu"]
[Date "1996.??.??"]
[Round "2"]
[White "Kulaots, Kaido"]
[Black "Veingold, Aleksandr"]
[Result "1/2-1/2"]
[WhiteElo "2400"]
[BlackElo "2425"]

1.d4 Nf6 2.Bg5 d5 3.Nc3 c6 4.Qd2 Bf5 5.f3 Nbd7 6.Qf4 Bg6 7.e4 Qb6 8.O-O-O e6
9.Qe3 h6 10.Bh4 Be7 11.e5 Ng4 12.fxg4 Bxh4 13.Nf3 Be7 14.Bd3 Bxd3 15.cxd3 c5
16.dxc5 Qxc5 17.d4 Qa5 18.Kb1 Nb6 19.Qd3 Rc8 20.Rc1 Nc4 21.Rc2 Rc6 22.Nd2 Nxd2+
23.Qxd2 O-O 24.Qd3 Rfc8 25.h4 Bb4 26.Rhc1 Bxc3 27.Rxc3 Rxc3 28.Rxc3 Rxc3
29.bxc3 a6 30.Kb2 Qa4 31.g5 hxg5 32.hxg5 g6 33.Qf1  1/2-1/2

[Event "ARG-ch"]
[Site "Pena City"]
[Date "1996.??.??"]
[Round "12"]
[White "Llanos, Guillermo"]
[Black "Ricardi, Pablo"]
[Result "0-1"]
[WhiteElo "2400"]
[BlackElo "2535"]

1.d4 Nf6 2.Bg5 d5 3.Nf3 Bf5 4.c3 Nbd7 5.Qb3 Qc8 6.e3 e6 7.c4 c6 8.Nc3 Bd6
9.Rc1 O-O 10.Be2 Ne4 11.Bh4 Rb8 12.O-O Qe8 13.c5 Bc7 14.Nxe4 Bxe4 15.Nd2 Bg6
16.Qa3 a6 17.Bg3 Bxg3 18.hxg3 e5 19.Rfe1 Qe7 20.Bf1 e4 21.Qa4 h5 22.Qd1 Qg5
23.Be2 Nf6 24.Nf1 Bf5 25.f4 exf3 26.gxf3 Rbe8 27.Kh2 Re6 28.Rc3 Rfe8 29.Rb3 R8e7
30.Qd2 Nh7 31.Bd1 Qf6 32.Qa5 Ng5 33.Qd8+ Kh7 34.Qb8 Be4 35.f4 Qf5 36.g4 hxg4
37.Ng3 Rh6+ 38.Kg1 Nh3+ 39.Kf1 Bd3+ 40.Kg2 Be4+ 41.Kf1 Qf6 42.Ke2 Qh4 43.f5 Bf3+
44.Kd2 Bxd1 45.Kxd1 Nf2+ 46.Kc2 Ne4 47.Nxe4 dxe4 48.Re2 Qg5 49.Qd8 Qf6 50.Rg2 Rh4
51.Rb6 Re6 52.Qxf6 Rxf6 53.Rxb7 Rxf5 54.Rb6 Rg5 55.Rxc6 g3 56.Kc3 Rh2 57.Rg1 g2
58.Rxa6 Rh1 59.Rxg2 Rxg2 60.b3 Rc1+ 61.Kb4 Re2 62.Ra7 f5 63.Re7 Rxe3 64.d5 Rd3
65.d6 e3 66.a4 f4 67.Kb5 f3 68.d7 f2  0-1

[Event "SVK-CRO"]
[Site "Piestany"]
[Date "1996.??.??"]
[Round "?"]
[White "Tibensky, Robert"]
[Black "Stevic, Hrvoje"]
[Result "1-0"]
[WhiteElo "2425"]
[BlackElo "2395"]

1.d4 Nf6 2.Bg5 c5 3.d5 Qb6 4.Nc3 h6 5.Bc1 d6 6.e4 g6 7.Be2 Bg7 8.Nf3 O-O
9.Nd2 Qd8 10.a4 e5 11.Nc4 Ne8 12.O-O Nd7 13.f4 exf4 14.Bxf4 Ne5 15.Qd2 Kh7
16.Kh1 b6 17.Rf2 a6 18.Raf1 Qc7 19.Ne3 Ra7 20.h3 Qd8 21.g4 Re7 22.h4 Nf6
23.Rg1 Nfd7 24.g5 h5 25.Nf5 gxf5 26.exf5 Rh8 27.f6 Ree8 28.fxg7 Kxg7 29.Rgf1 Ng4
30.Bxg4 hxg4 31.Bg3 Re7 32.Bxd6 Rxh4+ 33.Rh2 Rxh2+ 34.Qxh2 Re3 35.Rxf7+  1-0

[Event "Plzen opJ-A"]
[Site "Plzen"]
[Date "1996.??.??"]
[Round "6"]
[White "Navara, David"]
[Black "Kovar, Vojtech"]
[Result "1-0"]
[WhiteElo "2140"]
[BlackElo "1905"]

1.d4 Nf6 2.Bg5 c5 3.Nf3 Qb6 4.b3 Ne4 5.dxc5 Qxc5 6.Be3 Qa5+ 7.c3 Nc6 8.Qc2 d5
9.g3 Bf5 10.Nh4 Bg6 11.Nxg6 hxg6 12.Bg2 Nf6 13.h3 e6 14.Nd2 Be7 15.O-O O-O
16.Rfd1 Rac8 17.Nf3 Ne4 18.c4 Nb4 19.Qb2 dxc4 20.bxc4 Rxc4 21.a3 Nd5 22.Ne5 Ra4
23.Qxb7 Rxa3 24.Rxa3 Qxa3 25.Nxg6 fxg6 26.Rxd5 Nxg3 27.Rd2 Nf5 28.Qd7 Qa1+
29.Rd1 Qe5 30.Qxa7 Bh4 31.Bf3 Nxe3 32.Qxe3 Qxe3 33.fxe3 Rd8 34.Rc1 Bf6 35.Be4 Kh7
36.Rc5 Kh6 37.Kg2 e5 38.Kg3 Rf8 39.Kg4 Re8 40.h4 Rb8 41.Rc1 Rb4 42.Kf3 g5
43.Rc8 g4+ 44.Kxg4 Rxe4+ 45.Kf5 Kh7 46.Kxe4 Kg6 47.Rc1 Kh5 48.Rg1 Kxh4 49.Rg6 Kh5
50.Kf5 e4 51.Rxf6 gxf6 52.Kxf6  1-0

[Event "Plzen opJ-A"]
[Site "Plzen"]
[Date "1996.??.??"]
[Round "8"]
[White "Navara, David"]
[Black "Hrbolka, Ladislav"]
[Result "1-0"]
[WhiteElo "2140"]
[BlackElo "1905"]

1.d4 Nf6 2.Bg5 g6 3.e3 Bg7 4.Bd3 d6 5.c3 O-O 6.Nd2 c5 7.Ngf3 Nc6 8.O-O b6
9.Qe2 Bb7 10.Rad1 cxd4 11.Nxd4 h6 12.Bh4 Rc8 13.Nxc6 Bxc6 14.e4 Nd7 15.Nf3 Nc5
16.Bb1 Qc7 17.Nd4 Ba8 18.Rfe1 Rfd8 19.Kh1 a6 20.f3 b5 21.a3 Na4 22.Ba2 Nb6
23.Nc2 Nc4 24.Ne3 Nxe3 25.Qxe3 Rd7 26.Qf4 e6 27.Bg3 Rcd8 28.Rd3 Bf8 29.Red1 Qc5
30.Qd2 d5 31.Bh4 g5 32.Bf2 Qc7 33.Bg3 Qc5 34.h4 Bc6 35.e5 Qe7 36.hxg5 Qxg5
37.Bf4 Qh5+ 38.Kg1 Bg7 39.Qe3 Rf8 40.Bb1 f5 41.Qb6 Rc8 42.Bc2 Bf8 43.Qxa6 Rcc7
44.Qb6 Rg7 45.Qf2 Qh3 46.R1d2 Rxg2+ 47.Qxg2+ Rg7 48.Bg3 Bc5+ 49.Kf1 Rxg3
50.f4 Rxg2 51.Rxg2+ Qg4 52.Rxg4+ fxg4 53.Rg3 h5 54.Bg6  1-0

[Event "JUG-ch Podgorica"]
[Site "Podgorica"]
[Date "1996.??.??"]
[Round "10"]
[White "Drazic, Sinisa"]
[Black "Mozetic, Dejan"]
[Result "1-0"]
[WhiteElo "2445"]
[BlackElo "2495"]

1.d4 Nf6 2.Bg5 c5 3.dxc5 e6 4.Nd2 Bxc5 5.e3 d5 6.Ngf3 Nc6 7.a3 h6 8.Bf4 g5
9.Bg3 Nh5 10.c4 Nxg3 11.hxg3 Qf6 12.Nb3 Bb6 13.cxd5 exd5 14.Nfd4 Ne5 15.Rc1 O-O
16.Rc2 Bd7 17.Bb5 Bxb5 18.Nxb5 Rad8 19.N5d4 g4 20.Kf1 Rfe8 21.Kg1 Qg6 22.Ne2 Nd3
23.Nbd4 Bxd4 24.Nxd4 Rc8 25.Rxh6 Qe4 26.Rh5 f6 27.Nb5 Ne1 28.Qxe1 Qxc2 29.Kh2 Re5
30.Rh4 Rg5 31.Qb4 Qc5 32.Qf4 Kg7 33.Nd4 Re8 34.Nf5+ Kg6 35.Rh6+ Kf7 36.Nd6+  1-0

[Event "Polanica Zdroj op"]
[Site "Polanica Zdroj"]
[Date "1996.??.??"]
[Round "1"]
[White "Gawronski, Lukasz"]
[Black "Raudive, Aivars"]
[Result "0-1"]
[WhiteElo "2095"]
[BlackElo "2365"]

1.d4 Nf6 2.Bg5 c5 3.Nc3 Qb6 4.d5 Qxb2 5.Bd2 Qb6 6.e4 d6 7.f4 g6 8.e5 Nfd7
9.Rb1 Qd8 10.e6 fxe6 11.dxe6 Nf6 12.f5 gxf5 13.Bc4 Bg7 14.Nh3 Nc6 15.Ng5 Ne5
16.Nd5 O-O 17.Nf7 Nxf7 18.exf7+ Kh8 19.Nxf6 Bxf6 20.Bh6 Qa5+ 21.Kf1 Qc3 22.Bxf8 Qxc4+
23.Qd3 Qxf7 24.Bh6 Be6 25.Qd2 Bxa2 26.Rxb7 Bd5 27.Rb1 Be4 28.Be3 Qc4+ 29.Kf2 Qxc2
30.Rhe1 Qxd2+ 31.Bxd2 a5  0-1

[Event "POR-CHN m"]
[Site "?"]
[Date "1996.??.??"]
[Round "2"]
[White "Fernandes, Antonio"]
[Black "Ye Jiangchuan"]
[Result "0-1"]
[WhiteElo "2380"]
[BlackElo "2560"]

1.d4 Nf6 2.Bg5 d5 3.Bxf6 exf6 4.e3 c6 5.c4 dxc4 6.Bxc4 Bd6 7.Nf3 O-O 8.Nbd2 f5
9.Qc2 a5 10.O-O Na6 11.a3 Nc7 12.Bd3 g6 13.Nc4 Be6 14.Rac1 Be7 15.Nb6 Ra7
16.Bc4 Bxc4 17.Qxc4 Ne8 18.Qb3 Nf6 19.Rfd1 Bd6 20.d5 a4 21.Nxa4 Nxd5 22.Nc3 Nf6
23.Rd2 Qe7 24.Rcd1 Bc7 25.g3 Ba5 26.Rd3 Raa8 27.Qc4 Bxc3 28.Qxc3 Rfe8 29.Qb3 Nd5
30.Nd4 Ra6 31.Ne2 Raa8 32.Nc3 Nf6 33.Qb6 h5 34.Rd6 Kg7 35.Qd4 Qe5 36.Qb4 Rab8
37.R1d3 c5 38.Qf4 Qxf4 39.gxf4 b5 40.Rc6 b4 41.Na4 bxa3 42.bxa3 Rb1+ 43.Kg2 Ra1
44.Nxc5 Ra2 45.h3 h4 46.a4 Rb8 47.Rxf6 Rbb2 48.Rc6 Rxf2+ 49.Kg1 Rg2+ 50.Kf1 Rh2
51.Kg1 Rxh3 52.Rc8 Rg3+ 53.Kh1 Rf3 54.Kg1 h3 55.Ne6+ Kf6 56.Ng5 Rg2+  0-1

[Event "POR-CHN m"]
[Site "?"]
[Date "1996.??.??"]
[Round "6"]
[White "Fernandes, Antonio"]
[Black "Wang Zili"]
[Result "0-1"]
[WhiteElo "2380"]
[BlackElo "2540"]

1.d4 Nf6 2.Bg5 c5 3.Bxf6 gxf6 4.d5 Qb6 5.Qc1 Bh6 6.e3 d6 7.Nd2 Nd7 8.a4 f5
9.a5 Qc7 10.Bb5 O-O 11.Ne2 Nf6 12.Nc3 Kh8 13.Nc4 Rg8 14.g3 Ne4 15.f4 Nxc3
16.bxc3 Bg7 17.Qd2 e6 18.O-O exd5 19.Qxd5 Rd8 20.a6 Rb8 21.axb7 Bxb7 22.Qd2 Ba8
23.Rab1 Qb7 24.Kf2 a6 25.e4 Qxe4 26.Nxd6 Qg2+ 27.Ke3 Qxd2+ 28.Kxd2 axb5  0-1

[Event "Portoroz"]
[Site "Portoroz"]
[Date "1996.??.??"]
[Round "?"]
[White "Taggatz, Mario"]
[Black "Kos, Toni"]
[Result "1-0"]
[WhiteElo "2225"]
[BlackElo "2270"]

1.d4 Nf6 2.Bg5 g6 3.Bxf6 exf6 4.e3 Bg7 5.Ne2 O-O 6.c4 f5 7.Nbc3 b6 8.Nf4 Bb7
9.Be2 d6 10.Bf3 c6 11.O-O Nd7 12.b4 Qc8 13.Qb3 Nf6 14.b5 c5 15.Bxb7 Qxb7
16.dxc5 dxc5 17.Rad1 Rad8 18.Rxd8 Rxd8 19.Rd1 Rxd1+ 20.Qxd1 Qe7 21.Ncd5 Nxd5
22.Qxd5 Be5 23.g3 Bxf4 24.exf4 h5 25.h4 Qe1+ 26.Kg2 Qa5 27.Qe5 Qxa2 28.Qe8+ Kg7
29.Qe5+ Kh7 30.Qd5 Kg8 31.Kg1 Qa1+ 32.Kg2 Kg7 33.Qe5+ Qxe5 34.fxe5 f6 35.exf6+ Kxf6
36.Kf3 Ke5 37.Ke3 Kd6 38.Kf4 Ke6 39.Kg5 Kf7 40.Kh6 Kf6 41.f4 Kf7 42.Kh7  1-0